Gnarly - KATSEYE - Statistics

General Stats
  • This quiz has been taken 158 times
  • The average score is 252 of 293
Answer Stats
GNARLY % Correct
everything
98%
(Gnarly)
98%
Gnarly)
98%
Gnarly
98%
the
98%
tea
97%
Tesla
97%
Chicken
96%
Fried
96%
in
96%
Like
96%
like
96%
one
96%
single
96%
describe
95%
Hills
95%
Hollywood
95%
They
95%
they
95%
This
95%
this
95%
word
95%
You
95%
you
95%
Boba
94%
could
94%
know?
94%
with
94%
a
93%
so
91%
song
91%
oh
90%
Oh
90%
God
89%
my
89%
be
88%
is
88%
beat
87%
(Gang
87%
Gang)
87%
"Gang"
87%
Gang
87%
real?
87%
to
87%
new
86%
shit
86%
Shit
86%
I'm
85%
"I'm
85%
of
85%
Partyin'
85%
tonight
85%
bag
84%
(fucking
83%
Fucking
83%
fucking
83%
Hottie
83%
Takis
83%
we're
83%
copy
82%
going
81%
Obvi'
81%
obvi'
81%
out
80%
that
80%
tryna
80%
congratulations
78%
(Everything's
78%
everything's
78%
Everything's
78%
Na
78%
na
78%
session
75%
bitch
74%
J-
74%
j-
74%
jealous
74%
mansion?
74%
view
73%
Yeah
73%
not"
72%
you're
72%
me
71%
Don't
70%
for
70%
Making
70%
talk
70%
dumb
69%
lit
69%
beats
68%
boring
68%
Now
68%
song's
67%
(Uh-huh)
14%
No matching quizzes found
Score Distribution
Percent of People with Each Score
Percentile by Number Answered
Your Score History
You have not taken this quiz